El pensamiento económico de José Antonio Primo de Rivera / (Record no. 65814)

MARC details
000 -LEADER
campo de control de longitud fija 00684nam a2200193 i 4500
001 - NÚMERO DE CONTROL
campo de control 65814
003 - IDENTIFICADOR DE NÚMERO DE CONTROL
campo de control ES-MaACL
005 - FECHA Y HORA DE LA ÚLTIMA TRANSACCIÓN
campo de control 20231226211010.0
007 - CAMPO FIJO DE DESCRIPCIÓN FÍSICA--INFORMACIÓN GENERAL
campo de control de longitud fija t|
008 - DATOS DE LONGITUD FIJA--INFORMACIÓN GENERAL
campo de control de longitud fija 040122s1957 sp ||||1| spa d
100 1# - ENTRADA PRINCIPAL--NOMBRE DE PERSONA
Nombre de persona Fuentes Irurozqui, Manuel.
9 (RLIN) 52929
245 13 - MENCIÓN DEL TÍTULO
Título El pensamiento económico de José Antonio Primo de Rivera /
Mención de responsabilidad, etc. Manuel Fuentes Irurozqui ; prólogo de José Mª Gutiérrez del Castillo.
260 ## - PUBLICACIÓN, DISTRIBUCIÓN, ETC.
Lugar de publicación, distribución, etc. Madrid :
Nombre del editor, distribuidor, etc. [s.n.],
Fecha de publicación, distribución, etc. 1957 (
Fabricante Diana)
300 ## - DESCRIPCIÓN FÍSICA
Extensión 189 p. ;
Dimensiones 21 cm.
600 14 - PUNTO DE ACCESO ADICIONAL DE MATERIA--NOMBRE DE PERSONA
Nombre de persona Primo de Rivera, José Antonio,
Fechas asociadas al nombre 1903-1936
9 (RLIN) 142533
700 1# - ENTRADA AGREGADA--NOMBRE PERSONAL
Nombre de persona Gutiérrez del Castillo, José María.
9 (RLIN) 61135
852 ## - LOCALIZACIÓN
Ubicación ES-MaACL
Número de control de estantería C-13632
Sublocalización o colección R.41324
Holdings
Estatus retirado Estado de pérdida Estado de daño No para préstamo Biblioteca de origen Biblioteca actual Ubicación en estantería Fecha de adquisición Fuente de adquisición Total de préstamos Signatura topográfica completa Código de barras Visto por última vez Precio de reemplazo Tipo de ítem Koha
        Biblioteca del Ateneo de Madrid Biblioteca del Ateneo de Madrid Sala Palomar 17/01/2008     C-13632 1068950 23/02/2023 23/02/2023 Libro impreso